[Event "Olimpiade 2014 - Open"]
[Site "Tromsø"]
[Date "11.08.2014"]
[Round "9.41"]
[Board "3"]
[White "Denny, Kevin"]
[Black "Seddaoui, Yamine"]
[Result "1/2-1/2"]
[WhiteTitle "IM"]
[WhiteElo "2261"]
[BlackElo "2105"]
[WhiteTeam "Barbados"]
[BlackTeam "Algeria"]
[WhiteFideId "11100028"]
[BlackFideId "7902026"]
[EventDate "2014.08.02"]

1. e4 e5 2. Nf3 Nc6 3. Bc4 Bc5 4. c3 Nf6 5. d4 exd4 6. cxd4 Bb4+ 7. Bd2 Bxd2+ 8.
Nbxd2 d5 9. exd5 Nxd5 10. O-O O-O 11. Rc1 Bg4 12. h3 Bh5 13. Bxd5 Qxd5 14. Qa4
Bxf3 15. Nxf3 Qd6 16. Rc5 Nd8 17. Re1 Ne6 18. Rce5 c6 19. Qb3 Rab8 20. d5 Nc5
21. Qa3 cxd5 22. Nd4 Ne4 23. Qxd6 Nxd6 24. Rxd5 Rfd8 25. Re7 Kf8 26. Rc7 Ne8 27.
Rcd7 Rxd7 28. Rxd7 Nf6 29. Rc7 Ne8 30. Rc4 Nd6 31. Rb4 Rc8 32. Kf1 1/2-1/2

[Event "Olimpiade 2014 - Open"]
[Site "Tromsø"]
[Date "11.08.2014"]
[Round "9.41"]
[Board "4"]
[White "Nassr, Ali"]
[Black "Del Castilho, Martyn"]
[Result "1/2-1/2"]
[WhiteTitle "IM"]
[BlackTitle "FM"]
[WhiteElo "2145"]
[BlackElo "2221"]
[WhiteTeam "Algeria"]
[BlackTeam "Barbados"]
[WhiteFideId "7900520"]
[BlackFideId "11100400"]
[EventDate "2014.08.02"]

1. e4 e5 2. Nf3 Nc6 3. c4 Bc5 4. Nc3 d6 5. Be2 a6 6. d3 Nge7 7. Be3 O-O 8. d4
exd4 9. Nxd4 Nxd4 10. Bxd4 Bxd4 11. Qxd4 Nc6 12. Qd2 Ne5 13. O-O Be6 14. b3 Nd7
15. f4 f6 16. h3 a5 17. Rad1 Nc5 18. Qd4 b6 19. Bf3 Qe7 20. e5 dxe5 21. fxe5
Rad8 22. exf6 Qxf6 23. Qxf6 gxf6 24. Bd5 Kg7 25. Rde1 Rde8 26. Bxe6 Rxe6 27.
Rxe6 Nxe6 28. Re1 Kf7 29. Nd5 c6 30. Nxb6 Rd8 31. Re2 Rd1+ 32. Kf2 Nc5 33. Rc2
Ke8 34. Ke2 Rg1 35. Kf2 Rd1 36. Ke2 Rg1 37. Kf2 Rd1 1/2-1/2

[Event "Olimpiade 2014 - Open"]
[Site "Tromsø"]
[Date "11.08.2014"]
[Round "9.42"]
[Board "1"]
[White "Ziska, Helgi Dam"]
[Black "Juarez Flores, Carlos A."]
[Result "1-0"]
[WhiteTitle "IM"]
[BlackTitle "IM"]
[WhiteElo "2507"]
[BlackElo "2425"]
[WhiteTeam "Faroe Isles"]
[BlackTeam "Guatemala"]
[WhiteFideId "7200595"]
[BlackFideId "7300018"]
[EventDate "2014.08.02"]

1. e4 c6 2. Nc3 d5 3. Nf3 Bg4 4. h3 Bxf3 5. Qxf3 e6 6. d3 Nf6 7. Bd2 Bb4 8. a3
Ba5 9. e5 d4 10. exf6 dxc3 11. bxc3 Qxf6 12. Qxf6 gxf6 13. Rb1 Nd7 14. Rxb7 Bb6
15. d4 Ke7 16. Bd3 Rab8 17. Rxb8 Rxb8 18. Ke2 c5 19. Be3 Rc8 20. g4 Rh8 21. Bb5
h5 22. Rd1 cxd4 23. cxd4 hxg4 24. hxg4 Rg8 25. Kf3 Rc8 26. c4 a6 27. Bxd7 Kxd7
28. Rb1 Bd8 29. Rb7+ Rc7 30. Rxc7+ Bxc7 31. Ke4 Kc6 32. d5+ exd5+ 33. cxd5+ Kb5
34. Kf5 Be5 35. f4 Bc3 36. Bf2 Bb2 37. a4+ Kxa4 38. d6 Ba3 39. d7 1-0

[Event "Olimpiade 2014 - Open"]
[Site "Tromsø"]
[Date "11.08.2014"]
[Round "9.42"]
[Board "2"]
[White "Cu Hor, Winston Darwin"]
[Black "Rodgaard, John"]
[Result "1/2-1/2"]
[WhiteTitle "FM"]
[BlackTitle "IM"]
[WhiteElo "2259"]
[BlackElo "2361"]
[WhiteTeam "Guatemala"]
[BlackTeam "Faroe Isles"]
[WhiteFideId "7300662"]
[BlackFideId "7200013"]
[EventDate "2014.08.02"]

1. d4 d5 2. c4 e6 3. Nf3 Nf6 4. Nc3 c6 5. e3 Nbd7 6. Bd3 dxc4 7. Bxc4 b5 8. Bd3
Bb7 9. O-O a6 10. e4 c5 11. d5 c4 12. dxe6 fxe6 13. Bc2 Qc7 14. Ng5 Nc5 15. e5
Qxe5 16. Re1 Qd6 17. Qe2 Be7 18. b3 O-O 19. bxc4 Qc6 20. f3 b4 21. Nd1 Rfe8 22.
Nf2 h6 23. Nge4 Rac8 24. Ng3 Bf8 25. Bb2 Ncd7 26. Rac1 a5 27. Bg6 Re7 28. Nfe4
Ba6 29. Nd2 Nb6 30. Bd3 Rd8 31. Nge4 Nxe4 32. Bxe4 Qc5+ 33. Kh1 a4 34. Bb1 Bb7
35. Ne4 Qh5 36. Qc2 Nd7 37. Rcd1 Bxe4 38. Qxe4 Nf6 39. Bxf6 Rxd1 40. Bxe7 Rxe1+
41. Qxe1 Bxe7 42. Qxe6+ Qf7 43. Bh7+ Kf8 44. Qe5 Qe8 45. Be4 b3 46. axb3 axb3
47. g3 Qd8 48. Bd5 Qb6 49. Qf5+ Bf6 50. Qd7 Be7 51. Qf5+ Bf6 52. c5 Qxc5 53. Qe6
Qc1+ 54. Kg2 Qc2+ 55. Kh3 Qg6 56. Qd6+ Ke8 57. Bc6+ Kf7 58. Qd7+ Kf8 59. Qc8+
Ke7 60. Qd7+ Kf8 61. Qd6+ Kf7 62. Bd5+ Ke8 63. Qb8+ Ke7 64. Qb4+ Kd8 65. Qa5+
Ke7 66. Bxb3 Qd3 67. Qb4+ Qd6 68. Qe4+ Qe5 69. Qb7+ Kd8 70. Qc6 Qf5+ 71. Kg2 Qd7
72. Qc5 Qd2+ 73. Kh3 Qd7+ 74. g4 Qd4 75. Qf8+ Kc7 76. Qf7+ Kb6 77. Qe6+ Kc5 78.
Qe2 Be5 79. Kg2 Qf4 80. Kh1 Qc1+ 81. Kg2 Qf4 82. Kh1 Qc1+ 83. Bd1 Qf4 84. Qc2+
Kd6 85. Qe2 Kc5 86. Bb3 Qc1+ 87. Bd1 Qf4 88. Kg1 Bd4+ 89. Kf1 Qe3 90. Qxe3 Bxe3 1/2-1/2

[Event "Olimpiade 2014 - Open"]
[Site "Tromsø"]
[Date "11.08.2014"]
[Round "9.42"]
[Board "3"]
[White "Nielsen, Hogni Egilstoft"]
[Black "Garcia Fuentes, Sergio Miguel"]
[Result "1/2-1/2"]
[WhiteElo "2256"]
[BlackElo "2166"]
[WhiteTeam "Faroe Isles"]
[BlackTeam "Guatemala"]
[WhiteFideId "7200404"]
[BlackFideId "7300549"]
[EventDate "2014.08.02"]

1. e4 c6 2. d4 d5 3. f3 g6 4. Nc3 Bg7 5. Be3 Nf6 6. e5 Ng8 7. Qd2 h5 8. Bd3 Nh6
9. Nge2 Nf5 10. Bf4 Be6 11. O-O-O Nd7 12. h4 c5 13. Bxf5 gxf5 14. dxc5 Nxe5 15.
Qd4 Qc7 16. Qa4+ Bd7 17. Nxd5 Qxc5 18. Qd4 Qxd4 19. Nxd4 Rc8 20. Rhe1 f6 21. Bg3
Kf7 22. f4 Ng6 23. Ne3 Rhd8 24. Ndxf5 Bf8 25. Nd4 Bh6 26. Nef5 Bf8 27. Ne3 Bh6
28. f5 Ne5 29. Kb1 e6 30. Bxe5 fxe5 31. fxe6+ Bxe6 32. Rf1+ Bf4 33. g3 Bh3 34.
Rf2 Kg6 35. gxf4 exd4 36. Nf1 Bf5 37. Ng3 Bg4 38. Rg1 d3 39. cxd3 Rxd3 40. f5+
Kf7 41. f6 Rc5 42. b3 Re3 43. Kb2 Re6 44. Rf4 Rce5 45. Rgf1 Re3 46. Nf5 Re2+ 47.
Kb1 Re1+ 48. Rxe1 Rxe1+ 49. Kc2 Kxf6 50. Ng3+ 1/2-1/2

[Event "Olimpiade 2014 - Open"]
[Site "Tromsø"]
[Date "11.08.2014"]
[Round "9.42"]
[Board "4"]
[White "Giron, David"]
[Black "Nilssen, John Arni"]
[Result "1-0"]
[BlackTitle "IM"]
[WhiteElo "2103"]
[BlackElo "2322"]
[WhiteTeam "Guatemala"]
[BlackTeam "Faroe Isles"]
[WhiteFideId "7300697"]
[BlackFideId "7200137"]
[EventDate "2014.08.02"]

1. e4 c5 2. Nf3 Nc6 3. d4 cxd4 4. Nxd4 e5 5. Nb5 d6 6. g3 Be7 7. Bg2 Be6 8. N1c3
a6 9. Na3 Rc8 10. Nd5 b5 11. c3 Bg5 12. Bxg5 Qxg5 13. O-O Qd8 14. Nc2 Nce7 15.
Qd3 Bxd5 16. exd5 Qb6 17. a4 bxa4 18. Rxa4 Qxb2 19. c4 Nf6 20. Rb4 e4 21. Bxe4
Qe5 22. Re1 Kf8 23. f4 Qh5 24. Rb6 Rd8 25. Nd4 Nc8 26. Bf3 Qh3 27. Rxa6 Qd7 28.
Nb5 Qb7 29. Qa3 Qb8 30. Qa5 Re8 31. Rxe8+ Nxe8 32. Qd8 Qb7 33. Rc6 Na7 34. Rb6
Qc8 35. Qxc8 Nxc8 36. Rb8 1-0

[Event "Olimpiade 2014 - Open"]
[Site "Tromsø"]
[Date "11.08.2014"]
[Round "9.43"]
[Board "1"]
[White "Baules, Jorge"]
[Black "Al Qudaimi, Basheer"]
[Result "1/2-1/2"]
[WhiteTitle "IM"]
[BlackTitle "IM"]
[WhiteElo "2317"]
[BlackElo "2396"]
[WhiteTeam "Panama"]
[BlackTeam "Yemen"]
[WhiteFideId "6600247"]
[BlackFideId "9400346"]
[EventDate "2014.08.02"]

1. d4 d5 2. c4 e6 3. Nf3 c6 4. Qc2 Nd7 5. g3 Ngf6 6. Bg2 Bd6 7. O-O O-O 8. Nbd2
e5 9. cxd5 cxd5 10. dxe5 Nxe5 11. Nxe5 Bxe5 12. Nf3 Bd6 13. Rd1 h6 14. Nd4 Qb6
15. Qb3 Bc5 16. Qxb6 Bxb6 17. Be3 Ng4 18. Bf4 g5 19. Bd6 Rd8 20. Bb4 Ne5 21. Bc3
f6 22. Rac1 Kf7 23. Nb5 Be6 24. Bd4 Nc6 25. Bxb6 axb6 26. a3 Rac8 27. e3 Ke7 28.
f4 Na5 29. Nd4 Nc4 30. Rc2 Bg4 31. Re1 Kd6 32. b3 Na5 33. Rd2 Ke7 34. h3 Bh5 35.
Nf5+ Kf8 36. Rxd5 Nxb3 37. Rb1 Bf7 38. Rxd8+ Rxd8 39. Nxh6 Bc4 40. Ng4 Kg7 41.
Bxb7 Rd2 42. fxg5 fxg5 43. Ne5 Bg8 44. Nf3 Ra2 45. Nxg5 Rxa3 46. Bg2 b5 47. h4
Bc4 48. Ne4 b4 49. Rb2 Ra6 50. Kh2 Rb6 51. g4 Na5 52. g5 b3 53. h5 Bf7 54. h6+
Kg6 55. Bf1 Bc4 56. Bg2 Bd3 57. Nc5 Bc2 58. Nd7 Rb4 59. Nf8+ Kxg5 60. Bd5 Kxh6
61. Ne6 Rb5 62. e4 Rb4 63. Nc5 Kg5 64. Kg3 Nc4 65. Bxc4 Rxc4 66. Ne6+ Kf6 67.
Nf4 Ke5 68. Ne2 Kxe4 69. Nc1 Rc3+ 70. Kf2 Kd5 71. Nxb3 Bxb3 72. Re2 Kd4 73. Re7
Bd5 74. Ra7 Rf3+ 75. Ke2 Rf8 76. Rd7 Rg8 77. Kf1 Rg5 78. Kf2 Rg2+ 79. Kf1 Ra2
80. Rd8 Ke4 81. Ke1 Bc4 82. Rd2 Ra1+ 83. Kf2 Ra7 84. Rd8 Rf7+ 85. Kg3 Rf3+ 86.
Kg2 Bf1+ 87. Kg1 Bb5 88. Rb8 Bc6 89. Rb4+ Ke5 90. Rb8 Be4 91. Re8+ Kd4 92. Rb8
Rg3+ 93. Kh2 Rg5 94. Rb3 Bf5 95. Ra3 Ke4 96. Rg3 Bg4 97. Ra3 Bf3 98. Ra4+ Ke3
99. Ra2 Be2 100. Kh3 Kf2 101. Ra4 Rc5 102. Rb4 Rh5+ 103. Rh4 Rg5 104. Rb4 Rg1
105. Kh4 Ke3 106. Rb3+ Bd3 107. Kh5 Kd4 108. Rb8 Bf5 109. Kh6 Ke5 110. Rb5+ Kf6
111. Rb6+ Be6 112. Rb5 Rg8 113. Rb7 Rg6+ 114. Kh5 Rg5+ 115. Kh6 Ra5 116. Rc7 Ra3
117. Rc5 Rh3+ 118. Rh5 Rg3 119. Ra5 Rg8 120. Ra7 Rh8+ 121. Rh7 Ra8 1/2-1/2

[Event "Olimpiade 2014 - Open"]
[Site "Tromsø"]
[Date "11.08.2014"]
[Round "9.43"]
[Board "2"]
[White "Al-Subaihi, Khalil"]
[Black "Sanchez, Jorge"]
[Result "1-0"]
[BlackTitle "FM"]
[WhiteElo "2082"]
[BlackElo "2090"]
[WhiteTeam "Yemen"]
[BlackTeam "Panama"]
[WhiteFideId "9400133"]
[BlackFideId "6600280"]
[EventDate "2014.08.02"]

1. e4 c5 2. Nf3 d6 3. d4 cxd4 4. Nxd4 Nf6 5. Nc3 g6 6. Be3 Bg7 7. f3 O-O 8. Qd2
Nc6 9. g4 Nxd4 10. Bxd4 Be6 11. h4 Qa5 12. h5 Rfc8 13. a3 b5 14. hxg6 hxg6 15.
g5 Nh5 16. Bxg7 Kxg7 17. Qd4+ Kg8 18. b4 Qc7 19. Kd2 a6 20. Bd3 Qa7 21. Ne2 Bc4
22. Rh2 Bxd3 23. cxd3 Qxd4 24. Nxd4 e5 25. Nf5 gxf5 26. Rxh5 fxe4 27. fxe4 Kg7
28. Rh6 Rc6 29. Rf1 Rac8 30. Rhf6 R8c7 31. Ke3 Re7 32. R1f2 Rec7 33. R2f5 Re7
34. Rf2 Rec7 35. R2f5 Re7 36. Kf3 Rd7 37. Kg4 Rc3 38. Rf3 Rxa3 39. g6 Rxd3 40.
gxf7 1-0

[Event "Olimpiade 2014 - Open"]
[Site "Tromsø"]
[Date "11.08.2014"]
[Round "9.43"]
[Board "3"]
[White "Aizpurua, Patrick"]
[Black "Al-Hadarani, Hatim"]
[Result "1-0"]
[WhiteTitle "FM"]
[BlackTitle "FM"]
[WhiteElo "2172"]
[BlackElo "2254"]
[WhiteTeam "Panama"]
[BlackTeam "Yemen"]
[WhiteFideId "6600522"]
[BlackFideId "9400273"]
[EventDate "2014.08.02"]

1. c4 e5 2. g3 h5 3. Nc3 h4 4. Bg2 Nc6 5. Nf3 h3 6. Bf1 Bb4 7. Qb3 d6 8. Nd5 Bc5
9. d3 Nge7 10. Bd2 Bg4 11. Nxe7 Kxe7 12. Bc3 Kd7 13. Nd2 a5 14. Qa4 Ke7 15. e3
Qd7 16. Qb5 Ra6 17. Nb3 Rb6 18. Nxc5 Qf5 19. Qa4 Qf3 20. Rg1 dxc5 21. Qc2 Nd4
22. Qd2 Rhh6 23. Rb1 Rhe6 24. e4 Red6 25. Bxd4 Rxd4 26. Be2 Qg2 27. Rxg2 hxg2
28. Qg5+ Kf8 29. Kd2 Bxe2 30. Kxe2 Rxb2+ 31. Rxb2 g1=Q 32. Rxb7 f6 33. Rb8+ Rd8
34. Rxd8+ Ke7 35. Qxg7+ Kxd8 36. Qxf6+ Kd7 37. Qxe5 Qb1 38. Qd5+ Kc8 39. Qa8+
Kd7 40. Qxa5 Qb2+ 41. Qd2 Qh8 42. h4 Qh5+ 43. Kf1 Qf3 44. Qe3 Qh1+ 45. Ke2 Kc6
46. e5 Qa1 47. e6 Qxa2+ 48. Kf3 Kd6 49. e7 1-0

[Event "Olimpiade 2014 - Open"]
[Site "Tromsø"]
[Date "11.08.2014"]
[Round "9.43"]
[Board "4"]
[White "Al-Aqrabi, Saleh"]
[Black "Esquivel Golcher, Luis"]
[Result "1/2-1/2"]
[BlackTitle "FM"]
[WhiteElo "2139"]
[BlackElo "2173"]
[WhiteTeam "Yemen"]
[BlackTeam "Panama"]
[WhiteFideId "9400338"]
[BlackFideId "6600174"]
[EventDate "2014.08.02"]

1. d4 d5 2. c4 e5 3. e3 exd4 4. Qxd4 Nc6 5. Qd1 Bf5 6. a3 dxc4 7. Qxd8+ Rxd8 8.
Bxc4 Ne5 9. Be2 Nd3+ 10. Bxd3 Bxd3 11. Nc3 Nf6 12. Nge2 Bd6 13. O-O Be5 14. Re1
O-O 15. f3 Nd7 16. e4 Nc5 17. Bf4 Bxf4 18. Nxf4 Bc4 19. b4 Nd3 20. Nxd3 Rxd3 21.
Rac1 c6 22. Red1 Rfd8 23. Rxd3 Rxd3 24. Rd1 Kf8 25. Rxd3 Bxd3 26. Kf2 Ke7 27.
Ke3 Bf1 28. g3 Kd6 29. Kd4 b6 30. e5+ Ke6 31. Ne4 h6 32. f4 g6 33. h4 Be2 34.
Nf6 h5 35. Nh7 Bd1 36. Ng5+ Ke7 37. Ne4 Bb3 38. Ng5 Bd5 39. b5 Bg2 40. bxc6 Bxc6
41. Nh7 Ke6 42. Nf6 Kf5 43. Ke3 Ke6 44. g4 hxg4 45. Nxg4 Kf5 46. Nh6+ Ke6 47.
Ng8 Bb7 48. Nf6 Kf5 49. h5 gxh5 50. Nxh5 Ke6 51. Ng7+ Kd5 52. Ne8 Ke6 53. Nd6
Ba6 54. Ne8 Kd7 55. Ng7 Bc8 56. f5 Kc6 57. Kd4 Kd7 58. f6 a5 59. Nf5 Ke6 60. Nd6
Ba6 61. Ne4 Kf5 62. a4 Kg6 63. Nd6 Be2 64. Nc8 b5 65. axb5 Bxb5 66. Kc5 Bd7 67.
Nb6 Be6 68. Kd6 Bb3 69. Nd7 a4 70. Nc5 Kf5 71. Nxa4 Bxa4 72. e6 1/2-1/2

[Event "Olimpiade 2014 - Open"]
[Site "Tromsø"]
[Date "11.08.2014"]
[Round "9.44"]
[Board "1"]
[White "Nanjo, Ryosuke"]
[Black "Kulpruethanon, Thanadon"]
[Result "1-0"]
[WhiteTitle "CM"]
[WhiteElo "2344"]
[BlackElo "2143"]
[WhiteTeam "Japan"]
[BlackTeam "Thailand"]
[WhiteFideId "7000634"]
[BlackFideId "6201610"]
[EventDate "2014.08.02"]

1. e4 c6 2. d4 d5 3. e5 Bf5 4. Be2 e6 5. Nf3 c5 6. Be3 cxd4 7. Nxd4 Ne7 8. Nd2
Nbc6 9. N2f3 Be4 10. O-O Ng6 11. c4 Be7 12. Nxc6 bxc6 13. Nd4 dxc4 14. f4 O-O
15. Bxc4 Bc5 16. Nf5 Bb6 17. Qxd8 Rfxd8 18. Bxb6 axb6 19. Nd6 Bd5 20. Bxd5 exd5
21. Nf5 Ra4 22. g3 Kf8 23. a3 Ne7 24. Ne3 d4 25. b3 Ra6 26. Rfd1 c5 27. a4 Rda8
28. Nc4 b5 29. Nd6 bxa4 30. bxa4 Nd5 31. Ne4 Rc6 32. Rac1 Nc3 33. Nxc3 dxc3 34.
Rxc3 Rxa4 35. Rdc1 c4 36. Kf2 Ke7 37. Ke3 f6 38. Rb1 Ra7 39. Rb5 fxe5 40. Rxe5+
Kf6 41. g4 h6 42. h4 Ra1 43. Ke4 Rd1 44. h5 Rg1 45. g5+ hxg5 46. fxg5+ Kf7 47.
Rf3+ Kg8 48. Re8+ Kh7 49. Kf4 g6 50. Re7+ Kg8 51. h6 c3 52. Re8+ Kf7 53. h7 Rh1
54. Rfe3 Rc7 55. h8=Q 1-0

[Event "Olimpiade 2014 - Open"]
[Site "Tromsø"]
[Date "11.08.2014"]
[Round "9.44"]
[Board "2"]
[White "Kongsee, Uaychai"]
[Black "Kojima, Shinya"]
[Result "1-0"]
[BlackTitle "FM"]
[WhiteElo "2251"]
[BlackElo "2373"]
[WhiteTeam "Thailand"]
[BlackTeam "Japan"]
[WhiteFideId "6200346"]
[BlackFideId "7000812"]
[EventDate "2014.08.02"]

1. e4 c6 2. d4 d5 3. Nc3 dxe4 4. Nxe4 Bf5 5. Ng3 Bg6 6. N1e2 e6 7. Nf4 Qc7 8. c3
Nf6 9. h4 Bd6 10. Qf3 Nbd7 11. Nxg6 hxg6 12. Bg5 O-O-O 13. Ne4 Be7 14. O-O-O Qa5
15. Bc4 Qf5 16. Nd2 Nd5 17. Bxe7 Nxe7 18. g4 Qxf3 19. Nxf3 Nb6 20. Bb3 Nbd5 21.
Ng5 Rdf8 22. Rh3 Kd7 23. Re1 Ke8 24. Reh1 Nf6 25. f3 Ned5 26. Kd2 Ke7 27. R3h2
Rd8 28. Re1 c5 29. dxc5 Nb4+ 30. Ke2 Nd3 31. Rb1 Nxc5 32. Bc2 Nd5 33. Kf2 Nf4
34. Kg3 e5 35. b4 Nce6 36. Ne4 b6 37. Re1 f6 38. Bb3 Rd3 39. Rc2 Rc8 40. Rec1 f5
41. Bxe6 Kxe6 42. Ng5+ Kf6 43. Nh7+ Ke7 44. Re1 Kd6 45. Ng5 Rc7 46. c4 Ne6 47.
c5+ bxc5 48. bxc5+ Nxc5 49. h5 e4 50. hxg6 f4+ 51. Kxf4 Ne6+ 52. Nxe6 Rxc2 53.
Rxe4 Rf2 54. Nxg7 Rdxf3+ 55. Kg5 Rf8 56. Nf5+ Kd5 57. Ra4 Ra8 58. g7 Ke6 59.
Rxa7 1-0

[Event "Olimpiade 2014 - Open"]
[Site "Tromsø"]
[Date "11.08.2014"]
[Round "9.44"]
[Board "3"]
[White "Watanabe, Akira"]
[Black "Wiwatanadate, Poompong"]
[Result "1-0"]
[WhiteTitle "FM"]
[WhiteElo "2252"]
[BlackElo "2106"]
[WhiteTeam "Japan"]
[BlackTeam "Thailand"]
[WhiteFideId "7000227"]
[BlackFideId "6201083"]
[EventDate "2014.08.02"]

1. d4 d5 2. c4 c6 3. cxd5 cxd5 4. Nf3 Nf6 5. Nc3 Nc6 6. Bf4 a6 7. Rc1 Bf5 8. e3
e6 9. Qb3 Ra7 10. Be2 Bd6 11. Bxd6 Qxd6 12. O-O O-O 13. Na4 b5 14. Nc5 Bg4 15.
a4 Bxf3 16. gxf3 Rb8 17. Qc3 Ne7 18. axb5 axb5 19. Ra1 b4 20. Qb3 Qb6 21. Rxa7
Qxa7 22. Rc1 g6 23. Na6 Rb7 24. Ra1 Qb6 25. Nc5 Rb8 26. Ra6 Qd8 27. Qa4 Nf5 28.
Ra7 Qb6 29. Qa6 Qxa6 30. Rxa6 Ne7 31. Kf1 Kf8 32. Ke1 Ke8 33. Bd1 Kd8 34. Ba4
Nc8 35. Nd3 Ke7 36. Ne5 Rb7 37. Nc6+ Kd6 38. Nd8+ Rb6 39. Nxf7+ Ke7 40. Ra8 Kxf7
41. Rxc8 Ng8 42. Rc7+ Ne7 43. h4 Ra6 44. b3 Rb6 45. Ke2 h6 46. e4 Kf6 47. Be8 e5
48. dxe5+ Ke6 49. Ke3 g5 50. hxg5 hxg5 51. Kd4 dxe4 52. fxe4 Rb8 53. Bd7+ Kf7
54. Bg4 Rd8+ 55. Ke3 Rb8 56. f4 1-0

[Event "Olimpiade 2014 - Open"]
[Site "Tromsø"]
[Date "11.08.2014"]
[Round "9.44"]
[Board "4"]
[White "Thanarotrung, Ratchaphon"]
[Black "Mitsuya, Naoto"]
[Result "1/2-1/2"]
[WhiteElo "1951"]
[BlackElo "2024"]
[WhiteTeam "Thailand"]
[BlackTeam "Japan"]
[WhiteFideId "6201059"]
[BlackFideId "7001886"]
[EventDate "2014.08.02"]

1. d4 Nf6 2. c4 e6 3. Nc3 Bb4 4. Qc2 d6 5. e4 Nbd7 6. a3 Bxc3+ 7. bxc3 O-O 8.
Bd3 e5 9. Ne2 Re8 10. O-O Qe7 11. Ng3 Nf8 12. f4 h6 13. fxe5 dxe5 14. Nf5 Bxf5
15. Rxf5 Ng6 16. d5 Nd7 17. Qe2 Nc5 18. Bc2 a5 19. Be3 b6 20. g3 Nf8 21. Qg4 Kh7
22. Bxh6 f6 23. Be3 Nfd7 24. Rh5+ Kg8 25. Qh3 Kf7 26. Rh7 Rg8 27. Qg4 Nf8 28.
Qh5+ Ng6 29. Qf5 Rh8 30. Rxh8 Rxh8 31. Kg2 Nf8 32. Qf2 Nfd7 33. h4 Ke8 34. Qf5
Qf7 35. Bxc5 bxc5 36. Ba4 Kd8 37. Bxd7 Qxd7 38. Qxd7+ Kxd7 39. Rb1 a4 40. Kf3
Kd6 41. Kg4 g6 42. Rb5 Ra8 43. Rb7 Kd7 44. Kf3 Rh8 45. Rb5 Kd6 46. Kf2 g5 47.
hxg5 fxg5 48. Kf3 Rh2 49. Ra5 Rc2 50. Rxa4 Rxc3+ 51. Kg4 Re3 52. Kf5 Rxg3 53.
Ra6+ Kd7 54. Rc6 Rxa3 55. Kxg5 Rf3 56. Rh6 Rf4 57. Rh4 Rf3 58. Rh7+ Kd8 59. Rh8+
Kd7 60. Rh7+ Kd8 1/2-1/2

[Event "Olimpiade 2014 - Open"]
[Site "Tromsø"]
[Date "11.08.2014"]
[Round "9.45"]
[Board "1"]
[White "Mandizha, Farai"]
[Black "Lorne, Malaku"]
[Result "1/2-1/2"]
[WhiteTitle "IM"]
[WhiteElo "2388"]
[BlackElo "2056"]
[WhiteTeam "Zimbabwe"]
[BlackTeam "Jamaica"]
[WhiteFideId "11000430"]
[BlackFideId "7400330"]
[EventDate "2014.08.02"]

1. Nf3 Nf6 2. d4 e6 3. g3 c5 4. Bg2 Nc6 5. O-O cxd4 6. Nxd4 Qb6 7. Nb3 d5 8. Nc3
Be7 9. e4 dxe4 10. Nxe4 O-O 11. Be3 Qc7 12. Qe2 b6 13. Qc4 Bb7 14. Nd4 Nxe4 15.
Bxe4 Rac8 16. Nxc6 Bxc6 17. c3 Rfd8 18. Rad1 Bxe4 19. Qxe4 h6 20. Bf4 Qc6 21.
Rxd8+ Bxd8 22. Qxc6 Rxc6 23. Rd1 Bc7 24. Bxc7 Rxc7 25. Rd8+ Kh7 26. Kf1 g5 27.
Ke2 Kg7 28. Kd3 f5 29. c4 e5 30. Rd5 Kf6 31. Rd6+ Kg7 32. b4 e4+ 33. Kd4 Re7 34.
Ke3 Rc7 35. Rd4 Kf6 36. g4 fxg4 37. Kxe4 Re7+ 38. Kd3 h5 39. c5 bxc5 40. bxc5
Re1 41. c6 Rd1+ 42. Kc4 Rc1+ 43. Kb5 Ke5 44. Rc4 a6+ 45. Kc5 Rxc4+ 46. Kxc4 Kd6
47. c7 Kxc7 48. Kc5 a5 49. Kb5 Kd6 50. Kxa5 Kc5 51. Ka4 Kc4 52. a3 h4 53. Ka5
Kd3 54. Kb4 Ke2 55. a4 Kxf2 56. a5 g3 57. hxg3 hxg3 58. a6 g2 59. a7 g1=Q 60.
a8=Q Qc1 61. Qa2+ Kf3 62. Qd5+ Kg3 63. Qd3+ Kf2 64. Qd4+ Qe3 65. Qb2+ Kf1 66.
Qg7 Qe4+ 67. Kc3 g4 68. Qg5 Qf3+ 69. Kd4 g3 70. Qc1+ Kg2 71. Qh6 Qd1+ 72. Ke4
Qe2+ 73. Kd4 Kf1 74. Qh1+ Kf2 75. Qh4 Qd2+ 76. Ke5 Qa5+ 77. Ke6 Qb6+ 78. Kf5
Qc5+ 79. Ke6 Qe3+ 80. Kf5 Qf3+ 81. Kg5 Qe3+ 82. Kf5 Ke2 83. Qa4 g2 84. Qc2+ Kf1
85. Qd1+ Qe1 86. Qd3+ Qe2 87. Qb1+ Kf2 88. Qb6+ Qe3 89. Qb2+ Kg3 90. Qb8+ Kf2
91. Qb2+ Kf1 92. Qb1+ Ke2 93. Qc2+ Qd2 94. Qe4+ Kf2 95. Qh4+ Kf1 96. Qc4+ Ke1
97. Qe4+ Qe2 98. Qb4+ Kf1 99. Qb1+ Qe1 100. Qb5+ Kg1 101. Kg4 Qe4+ 102. Kg3 Qe3+
103. Kg4 Kf2 104. Qf5+ Ke2 105. Qc2+ Qd2 106. Qe4+ Kf2 107. Qf3+ Ke1 108. Qg3+ 1/2-1/2

[Event "Olimpiade 2014 - Open"]
[Site "Tromsø"]
[Date "11.08.2014"]
[Round "9.45"]
[Board "2"]
[White "Mellace, Andrew"]
[Black "Makoto, Rodwell"]
[Result "0-1"]
[BlackTitle "IM"]
[WhiteElo "2087"]
[BlackElo "2279"]
[WhiteTeam "Jamaica"]
[BlackTeam "Zimbabwe"]
[WhiteFideId "7400055"]
[BlackFideId "11000120"]
[EventDate "2014.08.02"]

1. e4 e5 2. Nf3 Nc6 3. Bc4 Bc5 4. b4 Bxb4 5. c3 Be7 6. d4 Na5 7. Nxe5 Nxc4 8.
Nxc4 d5 9. exd5 Qxd5 10. Ne3 Qa5 11. O-O Nf6 12. Re1 Be6 13. c4 c6 14. Nd2 O-O
15. Nf3 Bb4 16. Bd2 Bxd2 17. Qxd2 Qxd2 18. Nxd2 Rfd8 19. Nf3 h6 20. a4 b6 21.
Rad1 Rd6 22. h3 Rad8 23. Rb1 Ne4 24. a5 b5 25. c5 R6d7 26. Ne5 Rc7 27. Rb4 f6
28. Ng6 Bf7 29. Nf4 g5 30. Nf5 Nxc5 31. dxc5 gxf4 32. Nxh6+ Kg7 33. Nf5+ Kf8 34.
Nd6 Re7 35. Rxe7 Kxe7 36. Re4+ Be6 37. Rxf4 Rb8 38. Rb4 Rg8 39. g4 Rg5 40. Ne4
Rd5 41. f3 f5 42. Nf2 Rxc5 43. f4 Rc4 44. Nd3 fxg4 45. hxg4 Bxg4 46. Kf2 Rc2+
47. Ke3 c5 48. Re4+ Kd6 49. Ne5 Re2+ 50. Kd3 Bf5 51. Kxe2 Bxe4 52. Kd2 b4 53.
Ng4 c4 54. Ne3 c3+ 55. Kc1 Kc5 56. f5 Kd4 57. f6 Kxe3 0-1

[Event "Olimpiade 2014 - Open"]
[Site "Tromsø"]
[Date "11.08.2014"]
[Round "9.45"]
[Board "3"]
[White "Masango, Spencer"]
[Black "Wisdom, Daren"]
[Result "1/2-1/2"]
[WhiteElo "2155"]
[BlackElo "2024"]
[WhiteTeam "Zimbabwe"]
[BlackTeam "Jamaica"]
[WhiteFideId "14300753"]
[BlackFideId "7400438"]
[EventDate "2014.08.02"]

1. Nf3 c5 2. c4 Nc6 3. Nc3 g6 4. d4 cxd4 5. Nxd4 Bg7 6. e3 Nf6 7. Be2 O-O 8. O-O
b6 9. b3 Bb7 10. Bb2 e6 11. Rc1 a6 12. Ba3 Ne7 13. Bf3 Bxf3 14. Qxf3 Re8 15.
Rfd1 Ra7 16. Ne4 Nxe4 17. Qxe4 Qc7 18. Qh4 Nc8 19. Rc2 Qe5 20. Nf3 Qa5 21. Bc1
Rc7 22. Ng5 h6 23. Nf3 d5 24. Rcd2 Ne7 25. Qf4 Rec8 26. e4 g5 27. Qg4 dxc4 28.
Rd8+ Rxd8 29. Rxd8+ Bf8 30. Bd2 c3 31. Bxg5 hxg5 32. Nxg5 Ng6 33. Nxe6 fxe6 34.
Qxg6+ Rg7 35. Qxe6+ Rf7 36. Qg6+ Rg7 37. Qe6+ Rf7 38. Qg6+ Rg7 39. Qd6 Rf7 40.
Qg6+ Rg7 41. Qd6 Rf7 42. Qe6 1/2-1/2